000 00290nam a22001337a 4500
008 171002b xxu||||| |||| 00| 0 eng d
020 _a0029013801`
041 _aeng
080 _a159.9
100 _a48
101 _aPSI
245 _aGENDER AND STRESS
_cBARNETT,R.C
942 _2udc
_cBK
999 _c31235
_d31235